All Words of the U.S. Constitution - Statistics

General Stats
  • This quiz has been taken 67 times
    52 since last reset
  • The average score is 2326 of 4474
Answer Stats
% Correct
of
93%
the
93%
The
93%
We
93%
a
90%
A
90%
I
90%
State
90%
state
90%
United
90%
People
88%
States
88%
states
88%
America
85%
in
85%
In
85%
for
83%
to
83%
To
83%
be
80%
on
80%
an
78%
No
75%
no
75%
or
75%
do
73%
Justice
73%
and
70%
And
70%
he
70%
He
70%
Liberty
70%
so
70%
more
68%
who
68%
four
65%
Four
65%
pro
65%
Law
63%
not
63%
One
63%
one
63%
preside
63%
President
63%
seven
63%
Seven
63%
shall
63%
six
63%
Six
63%
three
63%
Three
63%
five
60%
Five
60%
form
60%
Form
60%
is
60%
Order
60%
perfect
60%
ten
60%
Ten
60%
this
60%
This
60%
Two
60%
two
60%
Union
60%
when
60%
When
60%
All
58%
all
58%
Congress
58%
eight
58%
Eight
58%
have
58%
our
58%
Right
58%
where
58%
from
55%
nine
55%
Nine
55%
Person
55%
Power
55%
Representative
55%
by
53%
Constitution
53%
constitution
53%
ever
53%
ex
53%
fifth
53%
House
53%
Senate
53%
with
53%
Year
53%
year
53%
as
50%
free
50%
nor
50%
then
50%
there
50%
thirty
50%
Thirty
50%
Vice
50%
Vote
50%
vote
50%
War
50%
was
50%
will
50%
every
48%
Every
48%
first
48%
it
48%
legislative
48%
second
48%
that
48%
they
48%
They
48%
third
48%
twenty
48%
what
48%
Years
48%
years
48%
are
45%
at
45%
Citizen
45%
Court
45%
Election
45%
if
45%
If
45%
make
45%
Representatives
45%
which
45%
been
43%
but
43%
But
43%
domestic
43%
elected
43%
Elector
43%
equal
43%
establish
43%
my
43%
New
43%
new
43%
out
43%
Thousand
43%
thousand
43%
time
43%
Time
43%
after
40%
Age
40%
Amendment
40%
before
40%
Before
40%
common
40%
Day
40%
day
40%
Executive
40%
executive
40%
fourth
40%
give
40%
Government
40%
may
40%
North
40%
Persons
40%
Powers
40%
provide
40%
Senator
40%
supreme
40%
under
40%
any
38%
each
38%
Each
38%
general
38%
his
38%
Judge
38%
judge
38%
Land
38%
land
38%
Life
38%
made
38%
sixth
38%
South
38%
Tax
38%
those
38%
Tranquility
38%
welfare
38%
Welfare
38%
without
38%
happen
35%
high
35%
him
35%
hundred
35%
Laws
35%
Massachusetts
35%
Member
35%
Money
35%
other
35%
Part
35%
Peace
35%
Post
35%
post
35%
Posterity
35%
promote
35%
Promote
35%
try
35%
Virginia
35%
Case
33%
days
33%
Days
33%
declare
33%
defence
33%
Defence
33%
into
33%
judicial
33%
King
33%
Majority
33%
ordain
33%
Section
33%
Speaker
33%
take
33%
than
33%
their
33%
whom
33%
Writ
33%
Article
30%
Blessings
30%
Carolina
30%
Chief
30%
consist
30%
foreign
30%
grant
30%
Grant
30%
Members
30%
ourselves
30%
over
30%
Pennsylvania
30%
secure
30%
Senators
30%
should
30%
Term
30%
up
30%
act
28%
Act
28%
appoint
28%
Army
28%
Bill
28%
Branch
28%
Connecticut
28%
Crime
28%
Elections
28%
End
28%
Georgia
28%
Hampshire
28%
Impeachment
28%
Indian
28%
insure
28%
its
28%
it's
28%
Jersey
28%
Legislature
28%
Maryland
28%
natural
28%
Number
28%
own
28%
Party
28%
Place
28%
Rule
28%
Seas
28%
Seat
28%
them
28%
Times
28%
within
28%
Yeas
28%
yeas
28%
agree
25%
appointed
25%
chosen
25%
Citizens
25%
composed
25%
Death
25%
Delaware
25%
Electors
25%
fifths
25%
good
25%
granted
25%
had
25%
hold
25%
like
25%
meet
25%
New-York
25%
Oath
25%
once
25%
Rhode-Island
25%
several
25%
Taxes
25%
until
25%
against
23%
Cases
23%
Commerce
23%
created
23%
divided
23%
equally
23%
exceed
23%
forth
23%
found
23%
herein
23%
Houses
23%
Meeting
23%
most
23%
Navy
23%
next
23%
Office
23%
seventh
23%
sign
23%
such
23%
swear
23%
tempore
23%
The Trial
23%
thirds
23%
Trial
23%
tried
23%
also
20%
among
20%
approve
20%
born
20%
call
20%
Consent
20%
Courts
20%
Crimes
20%
defend
20%
District
20%
duty
20%
Duty
20%
eighth
20%
Eighty
20%
given
20%
going
20%
held
20%
Nations
20%
Ninth
20%
now
20%
Officer
20%
Officers
20%
pass
20%
present
20%
Present
20%
Representation
20%
Rules
20%
signed
20%
unless
20%
vest
20%
vested
20%
Votes
20%
well
20%
whole
20%
work
20%
written
20%
Absence
18%
Amendments
18%
Appointment
18%
approved
18%
Arrest
18%
attained
18%
become
18%
being
18%
civil
18%
Class
18%
Commander
18%
December
18%
determine
18%
determined
18%
Duties
18%
except
18%
formed
18%
Independence
18%
Lay
18%
lay
18%
Least
18%
least
18%
Monday
18%
necessary
18%
only
18%
pay
18%
proper
18%
Property
18%
protect
18%
Recess
18%
recieve
18%
Republican
18%
require
18%
Respect
18%
respective
18%
Seats
18%
sole
18%
Speech
18%
Territory
18%
Treason
18%
Treasury
18%
voting
18%
affirm
15%
assemble
15%
Authority
15%
best
15%
Bills
15%
chuse
15%
Classes
15%
constitute
15%
done
15%
due
15%
either
15%
Full
15%
including
15%
Indians
15%
issue
15%
Judges
15%
keep
15%
Militia
15%
Misdemeanors
15%
Neither
15%
neither
15%
Numbers
15%
passed
15%
Purpose
15%
regulate
15%
Resident
15%
sent
15%
Service
15%
Session
15%
Ships
15%
thereof
15%
vacancies
15%
Vacancies
15%
Water
15%
Ability
13%
accept
13%
according
13%
adjourn
13%
admit
13%
another
13%
apportioned
13%
Articles
13%
both
13%
bound
13%
called
13%
cannot
13%
collect
13%
compel
13%
concur
13%
convicted
13%
counted
13%
Effect
13%
enjoy
13%
excluding
13%
execute
13%
exercise
13%
Faith
13%
fill
13%
fourteen
13%
further
13%
honor
13%
Jurisdiction
13%
Jury
13%
Lands
13%
large
13%
Lord
13%
Named
13%
Names
13%
nothing
13%
originate
13%
paid
13%
Parts
13%
Presence
13%
Privilege
13%
punish
13%
Punishment
13%
question
13%
Regulation
13%
Regulations
13%
remain
13%
return
13%
Return
13%
Roads
13%
said
13%
same
13%
Same
13%
Services
13%
sitting
13%
taken
13%
temporary
13%
Thing
13%
Title
13%
Tribes
13%
Trust
13%
upon
13%
whose
13%
Acts
10%
actual
10%
admitted
10%
Affirmation
10%
alter
10%
Appointments
10%
Business
10%
calling
10%
Census
10%
coin
10%
Coin
10%
committed
10%
Compensation
10%
Concurrence
10%
Confederation
10%
credit
10%
Credit
10%
current
10%
Debts
10%
different
10%
during
10%
Enemies
10%
entitled
10%
Enumeration
10%
enumeration
10%
expel
10%
fix
10%
highest
10%
Immediately
10%
immediately
10%
Inhabitant
10%
Invasion
10%
Legislation
10%
limited
10%
Line
10%
Manner
10%
Nobility
10%
Offices
10%
original
10%
originated
10%
otherwise
10%
Plantations
10%
Providence
10%
raise
10%
Ratification
10%
receive
10%
removal
10%
Removal
10%
removed
10%
requisite
10%
Resignation
10%
stated
10%
subject
10%
Subject
10%
subsequent
10%
taxed
10%
The Ratification
10%
therein
10%
think
10%
together
10%
Use
10%
vacated
10%
witness
10%
Word
10%
writing
10%
Writs
10%
adding
8%
Advice
8%
affect
8%
Agreement
8%
Appropriation
8%
assembled
8%
Behaviour
8%
borrow
8%
clear
8%
concerning
8%
Consequence
8%
convene
8%
Corpus
8%
Debate
8%
Department
8%
Desire
8%
direct
8%
dollars
8%
eligible
8%
enter
8%
exclusive
8%
Expiration
8%
flee
8%
following
8%
forty
8%
greatest
8%
Habeas
8%
having
8%
Heads
8%
holding
8%
Impeachments
8%
included
8%
Journal
8%
Judgment
8%
letters
8%
Letters
8%
liable
8%
Limitations
8%
maintain
8%
Naturalization
8%
Nays
8%
numerous
8%
open
8%
Places
8%
prescribe
8%
prescribed
8%
preserve
8%
Prince
8%
privileged
8%
proceed
8%
Proceedings
8%
Proportion
8%
provided
8%
Provided
8%
public
8%
Qualification
8%
Qualifications
8%
Quorum
8%
quorum
8%
ratified
8%
Resolution
8%
returned
8%
returning
8%
Returns
8%
Secrecy
8%
September
8%
smaller
8%
solemnly
8%
support
8%
throughout
8%
Treaties
8%
Treaty
8%
Twelfth
8%
Value
8%
Words
8%
absent
5%
Account
5%
Adjournment
5%
Ambassadors
5%
ascertained
5%
Attendance
5%
authorized
5%
Ballot
5%
Bankruptcies
5%
between
5%
Breach
5%
Care
5%
certify
5%
chusing
5%
Clauses
5%
Continuance
5%
counterfeiting
5%
declaring
5%
Demand
5%
disapproved
5%
disorderly
5%
disqualification
5%
Emolument
5%
Emoluments
5%
encreased
5%
entered
5%
established
5%
Establishment
5%
excepted
5%
excepting
5%
Excises
5%
executed
5%
extend
5%
Fact
5%
faithfully
5%
Felony
5%
fifteenth
5%
Forces
5%
fourths
5%
guarantee
5%
Imposts
5%
Indictment
5%
inferior
5%
kind
5%
lake
5%
Legislatures
5%
Lines
5%
List
5%
Marque
5%
Measures
5%
Migration
5%
nevertheless
5%
nominate
5%
Objections
5%
Offences
5%
overt
5%
Payment
5%
Penalties
5%
Period
5%
presented
5%
prevent
5%
Profit
5%
propose
5%
publish
5%
questioned
5%
raising
5%
Rebellion
5%
reconsider
5%
Reconsideration
5%
religious
5%
repassed
5%
Reprisal
5%
required
5%
Respectively
5%
respectively
5%
Revenue
5%
Safety
5%
Science
5%
securing
5%
Securities
5%
Seventeenth
5%
Standard
5%
sufficient
5%
Sundays
5%
themselves
5%
Tribunals
5%
uniform
5%
voted
5%
Weights
5%
whereof
5%
Witnesses
5%
Writings
5%
absolutely
3%
Acceptance
3%
actually
3%
Adoption
3%
Aid
3%
alone
3%
appellate
3%
Appropriations
3%
Armies
3%
Arts
3%
Attainder
3%
Authors
3%
Bribery
3%
Captures
3%
charged
3%
Choice
3%
Claim
3%
Confession
3%
Consideration
3%
Contracts
3%
convened
3%
Convention
3%
Conventions
3%
Conviction
3%
deem
3%
define
3%
delay
3%
delivered
3%
Departments
3%
diminished
3%
Disabiliity
3%
Disagreement
3%
Discoveries
3%
drawn
3%
Equity
3%
exceeding
3%
Execution
3%
expire
3%
facto
3%
Felonies
3%
fled
3%
governing
3%
granting
3%
hereunto
3%
imposed
3%
Insurrections
3%
inventors
3%
longer
3%
naval
3%
net
3%
Pardons
3%
Piracies
3%
Ports
3%
principal
3%
prior
3%
Privileges
3%
Produce
3%
Progress
3%
prohibited
3%
proved
3%
recommend
3%
Records
3%
repel
3%
respecting
3%
sealed
3%
Suffrage
3%
suppress
3%
suspended
3%
thereby
3%
Troops
3%
Unanimous
3%
useful
3%
valid
3%
whatever
3%
whatsoever
3%
whenever
3%
accordingly
0%
adhering
0%
admiralty
0%
affecting
0%
Alliance
0%
Application
0%
arising
0%
arming
0%
Arsenals
0%
attainted
0%
belonging
0%
Blood
0%
Buildings
0%
Capitation
0%
carrying
0%
Certificates
0%
Cession
0%
claiming
0%
Claims
0%
Comfort
0%
Commission
0%
Commissions
0%
Compact
0%
concerned
0%
construed
0%
Consuls
0%
contracted
0%
Contrary
0%
Controul
0%
Controversies
0%
Corruption
0%
Danger
0%
deprived
0%
devolve
0%
directed
0%
discharge
0%
discharged
0%
discipline
0%
disciplining
0%
dispose
0%
dock-yards
0%
emit
0%
employed
0%
engage
0%
Engagements
0%
Erazure
0%
erected
0%
Erection
0%
escaping
0%
Exceptions
0%
executing
0%
existing
0%
expedient
0%
Expenditures
0%
exported
0%
Exports
0%
extraordinary
0%
follows
0%
foregoing
0%
Forfeiture
0%
Forts
0%
giving
0%
gold
0%
imminent
0%
Immunities
0%
impairing
0%
Importation
0%
Imports
0%
Inability
0%
Information
0%
inspection
0%
Intents
0%
interlined
0%
invaded
0%
Invasions
0%
Junction
0%
Labour
0%
laid
0%
levying
0%
Magazines
0%
maritime
0%
mentioned
0%
Miles
0%
Ministers
0%
Mode
0%
needful
0%
nor diminished
0%
notwithstanding
0%
Obligation
0%
obliged
0%
Occasions
0%
Opinion
0%
organizing
0%
or other
0%
Page
0%
particular
0%
partly
0%
Preference
0%
Prejudice
0%
proposed
0%
proposing
0%
published
0%
purchased
0%
Purposes
0%
Pursuance
0%
ratifying
0%
Receipts
0%
regular
0%
relating
0%
Reprieves
0%
reserving
0%
Revision
0%
silver
0%
square
0%
Statement
0%
Subjects
0%
subscribed
0%
Tender
0%
Test
0%
Testimony
0%
Tonnage
0%
training
0%
transmit
0%
Vessels
0%
Violence
0%
No matching quizzes found
Score Distribution
Percent of People with Each Score
Percentile by Number Answered
Your Score History
You have not taken this quiz since the last reset